[Event "AUT-chT2W 1011"]
[Site "Austria"]
[Date "2010.10.17"]
[Round "3.3"]
[White "Schmidlechner, Alexander"]
[Black "Amann, Guenter"]
[Result "0-1"]
[WhiteElo "2170"]
[BlackElo "2336"]
[PlyCount "108"]
[EventDate "2010.10.15"]
[EventType "team-tourn"]
[EventRounds "11"]
[EventCountry "AUT"]
[SourceTitle "EXT 2011"]
[Source "ChessBase"]
[SourceDate "2010.11.26"]
[SourceVersion "1"]
[SourceVersionDate "2010.11.26"]
[SourceQuality "1"]
[WhiteTeam "Goetzis"]
[BlackTeam "Hohenems II"]
[WhiteTeamCountry "AUT"]
[BlackTeamCountry "AUT"]

1. d4 Nf6 2. Nf3 e6 3. Bg5 d5 4. e3 c5 5. c3 Nc6 6. Nbd2 Be7 7. Bd3 b6 8. 0-0 Bb7 9. Qe2 h6 10. Bh4 0-0 11. Ne5 Nxe5 12. dxe5 Ne4 13. Bxe7 Qxe7 14. f4 Nxd2 15. Qxd2 f6 16. exf6 Rxf6 17. Be2 e5 18. fxe5 Re6 19. Rf5 Rxe5 20. Rxe5 Qxe5 21. Bf3 Re8 22. Rd1 Qxe3+ 23. Qxe3 Rxe3 24. Kf2 Re5 25. c4 Kf7 26. cxd5 Ke8 27. Rd3 Kd7 28. Ra3 a6 29. h4 Kd6 30. Ra4 a5 31. Rf4 Bxd5 32. Bxd5 Kxd5 33. Rf7 g6 34. Rd7+ Kc6 35. Rg7 Re6 36. g4 c4 37. Rh7 g5 38. h5 b5 39. Ra7 Kb6 40. Rg7 Kc5 41. Rg6 Kd5 42. Rg8 b4 43. Ra8 c3 44. Rxa5+ Kd4 45. bxc3+ bxc3 46. Ra8 c2 47. Rc8 Kd3 48. Rd8+ Kc3 49. Rc8+ Kb2 50. Rb8+ Kxa2 51. Ra8+ Kb1 52. Rb8+ Kc1 53. Rb7 Re5 54. Rb6 Kd2 0-1

[Event "AUT-chT2W 0910"]
[Site "Austria"]
[Date "2010.03.14"]
[Round "11.2"]
[White "Amann, Guenter"]
[Black "Pitl, Gregory"]
[Result "1/2-1/2"]
[WhiteElo "2293"]
[BlackElo "2405"]
[PlyCount "43"]
[EventDate "2009.10.23"]
[EventType "team-tourn"]
[EventRounds "11"]
[EventCountry "AUT"]
[SourceTitle "EXT 2011"]
[Source "ChessBase"]
[SourceDate "2010.11.26"]
[SourceVersion "1"]
[SourceVersionDate "2010.11.26"]
[SourceQuality "1"]
[WhiteTeam "Hohenems II"]
[BlackTeam "Salzburg Sued"]
[WhiteTeamCountry "AUT"]
[BlackTeamCountry "AUT"]

1. d4 Nf6 2. c4 e6 3. Nf3 c5 4. d5 d6 5. Nc3 exd5 6. cxd5 g6 7. e4 Bg7 8. h3 0-0 9. Bd3 a6 10. a4 Qe7 11. 0-0 Nh5 12. Bg5 Bf6 13. Be3 Nd7 14. Qd2 Rb8 15. Rab1 Re8 16. b4 Qf8 17. bxc5 Nxc5 18. Bc2 Bd7 19. Rb6 Bd8 20. Rbb1 Bf6 21. Rb6 Bd8 22. Rbb1 1/2-1/2

[Event "AUT-chT2W 0910"]
[Site "Austria"]
[Date "2010.03.13"]
[Round "10.2"]
[White "Juergens, Klaus"]
[Black "Amann, Guenter"]
[Result "0-1"]
[WhiteElo "2162"]
[BlackElo "2293"]
[PlyCount "54"]
[EventDate "2009.10.23"]
[EventType "team-tourn"]
[EventRounds "11"]
[EventCountry "AUT"]
[SourceTitle "EXT 2011"]
[Source "ChessBase"]
[SourceDate "2010.11.26"]
[SourceVersion "1"]
[SourceVersionDate "2010.11.26"]
[SourceQuality "1"]
[WhiteTeam "Salzburg"]
[BlackTeam "Hohenems II"]
[WhiteTeamCountry "AUT"]
[BlackTeamCountry "AUT"]

1. e4 e6 2. d3 c5 3. Nd2 Nc6 4. g3 g6 5. Bg2 Bg7 6. Nh3 Nge7 7. 0-0 0-0 8. f4 d6 9. Nf3 Rb8 10. Rb1 b5 11. Be3 Nd4 12. Nh4 b4 13. Qd2 Bd7 14. c3 bxc3 15. bxc3 Rxb1 16. Rxb1 Nb5 17. d4 Na3 18. Rb7 Bc6 19. Rxa7 Nc4 20. Qe2 Nxe3 21. Qxe3 cxd4 22. Qd3 dxc3 23. Nf2 Re8 24. Nf3 Qb6 25. Ra6 Qc5 26. Ne1 Rb8 27. a4 Bd4 0-1

[Event "AUT-chT2W 0910"]
[Site "Austria"]
[Date "2010.01.31"]
[Round "8.3"]
[White "Amann, Guenter"]
[Black "Dovzik, Juri"]
[Result "1/2-1/2"]
[WhiteElo "2293"]
[BlackElo "2365"]
[PlyCount "64"]
[EventDate "2009.10.23"]
[EventType "team-tourn"]
[EventRounds "11"]
[EventCountry "AUT"]
[SourceTitle "EXT 2011"]
[Source "ChessBase"]
[SourceDate "2010.11.26"]
[SourceVersion "1"]
[SourceVersionDate "2010.11.26"]
[SourceQuality "1"]
[WhiteTeam "Hohenems II"]
[BlackTeam "Ranshofen"]
[WhiteTeamCountry "AUT"]
[BlackTeamCountry "AUT"]

1. d4 d5 2. c4 c6 3. e3 Nf6 4. Nc3 a6 5. Nf3 b5 6. cxd5 cxd5 7. Ne5 e6 8. Bd2 Be7 9. Be2 0-0 10. 0-0 Bb7 11. Rc1 Nfd7 12. Nd3 Nc6 13. Nb1 Ra7 14. Nc5 Ba8 15. a4 Nxc5 16. axb5 Ne4 17. bxc6 Qb6 18. Qa4 Nxd2 19. Nxd2 Rc8 20. c7 Rcxc7 21. Rxc7 Qxc7 22. Nb3 Bc6 23. Qa5 Qb8 24. Rc1 Be8 25. Qc3 Rb7 26. Nc5 Rxb2 27. Nxa6 Qb7 28. Qc8 Kf8 29. g3 Qxc8 30. Rxc8 Bd6 31. Bd3 h5 32. Nc7 Bxc7 1/2-1/2

[Event "AUT-chT 0607"]
[Site "Austria"]
[Date "2007.01.20"]
[Round "6"]
[White "Gerhold, Michael"]
[Black "Amann, Guenter"]
[Result "0-1"]
[WhiteElo "2218"]
[BlackElo "2328"]
[PlyCount "54"]
[EventDate "2006.11.03"]
[EventType "team"]
[EventRounds "11"]
[EventCountry "AUT"]
[SourceTitle "EXT 2008"]
[Source "ChessBase"]
[SourceDate "2007.11.25"]
[SourceVersion "1"]
[SourceVersionDate "2007.11.25"]
[SourceQuality "1"]
[WhiteTeam "Absam"]
[BlackTeam "Hohenems"]
[WhiteTeamCountry "AUT"]
[BlackTeamCountry "AUT"]

1. Nf3 d5 2. d4 e6 3. c4 c6 4. Qc2 dxc4 5. Qxc4 Nf6 6. Bg5 Qb6 7. Qc2 Nbd7 8. Nbd2 c5 9. g3 cxd4 10. Bh3 Be7 11. Nb3 Bb4+ 12. Kf1 e5 13. Nxe5 Nxe5 14. Bxc8 0-0 15. Bf5 Rad8 16. Kg2 Ng6 17. Rac1 Rfe8 18. a3 Be7 19. Rhd1 h6 20. Bxf6 Bxf6 21. Bxg6 fxg6 22. Qd3 Re5 23. Rc2 Rb5 24. Qc4+ Kh7 25. Rd3 Rd6 26. Qf7 Rc6 27. Rcd2 Rc7 0-1

[Event "AUT-chT 0607"]
[Site "Austria"]
[Date "2007.01.19"]
[Round "5"]
[White "Diermair, Andreas"]
[Black "Amann, Guenter"]
[Result "1-0"]
[WhiteElo "2391"]
[BlackElo "2328"]
[PlyCount "55"]
[EventDate "2006.11.03"]
[EventType "team"]
[EventRounds "11"]
[EventCountry "AUT"]
[SourceTitle "EXT 2008"]
[Source "ChessBase"]
[SourceDate "2007.11.25"]
[SourceVersion "1"]
[SourceVersionDate "2007.11.25"]
[SourceQuality "1"]
[WhiteTeam "Maria Saal"]
[BlackTeam "Hohenems"]
[WhiteTeamCountry "AUT"]
[BlackTeamCountry "AUT"]

1. e4 c5 2. Nf3 d6 3. d4 cxd4 4. Nxd4 Nf6 5. Nc3 g6 6. Be3 Bg7 7. f3 Nc6 8. Qd2 0-0 9. Bc4 Bd7 10. 0-0-0 Rc8 11. Bb3 Ne5 12. Kb1 Nc4 13. Bxc4 Rxc4 14. g4 b5 15. b3 Rc5 16. Ne6 fxe6 17. Bxc5 dxc5 18. e5 Nd5 19. Nxd5 Bxe5 20. Nxe7+ Qxe7 21. Qxd7 Qf6 22. Rhe1 Kh8 23. g5 Qxg5 24. Qxe6 Bd4 25. Qd7 b4 26. Re7 h5 27. Rxd4 cxd4 28. Rh7+ 1-0

[Event "AUT-chT 0506"]
[Site "Austria"]
[Date "2005.11.20"]
[Round "3"]
[White "Danner, Georg"]
[Black "Amann, Guenter"]
[Result "1-0"]
[WhiteElo "2408"]
[BlackElo "2316"]
[PlyCount "69"]
[EventDate "2005.11.18"]
[EventType "team"]
[EventRounds "11"]
[EventCountry "AUT"]
[SourceTitle "EXT 2006"]
[Source "ChessBase"]
[SourceDate "2005.11.24"]
[SourceVersion "1"]
[SourceVersionDate "2005.11.24"]
[SourceQuality "1"]
[WhiteTeam "Schwarzach"]
[BlackTeam "Hohenems"]
[WhiteTeamCountry "AUT"]
[BlackTeamCountry "AUT"]

1. d4 Nf6 2. Nf3 g6 3. c4 Bg7 4. Nc3 d6 5. e4 0-0 6. Be2 Na6 7. 0-0 e5 8. d5 Nc5 9. Qc2 a5 10. Bg5 h6 11. Be3 b6 12. Nd2 Bg4 13. Bxg4 Nxg4 14. Bxc5 bxc5 15. a4 Qd7 16. Nf3 Nf6 17. Ra3 Nh5 18. Nb5 f5 19. Nh4 Nf4 20. exf5 gxf5 21. Kh1 e4 22. Rg3 Kh7 23. Qd2 Be5 24. Rb3 Nd3 25. g3 Bf6 26. Ng2 Ne5 27. Qe2 Nd3 28. f3 Rae8 29. fxe4 fxe4 30. Nf4 Nxf4 31. Rxf4 Kh8 32. Rxe4 Rxe4 33. Qxe4 Re8 34. Qf3 Qg7 35. Nxc7 1-0

[Event "AUT-chT2W 0405"]
[Site "Austria"]
[Date "2004.12.05"]
[Round "5.3"]
[White "Amann, Guenter"]
[Black "Duer, Arne"]
[Result "1-0"]
[WhiteElo "2287"]
[BlackElo "2386"]
[PlyCount "113"]
[EventDate "2004.10.16"]
[EventType "team-tourn"]
[EventRounds "11"]
[EventCountry "AUT"]
[SourceTitle "EXT 2005"]
[Source "ChessBase"]
[SourceDate "2004.11.15"]
[SourceVersion "1"]
[SourceVersionDate "2004.11.15"]
[SourceQuality "1"]
[WhiteTeam "Hohenems II"]
[BlackTeam "Absam"]
[WhiteTeamCountry "AUT"]
[BlackTeamCountry "AUT"]

1. d4 e6 2. c4 Nf6 3. g3 Bb4+ 4. Bd2 Qe7 5. Bg2 Bxd2+ 6. Qxd2 d6 7. Nc3 e5 8. Nf3 0-0 9. 0-0 c6 10. dxe5 dxe5 11. Rfd1 Bg4 12. Qd6 Qxd6 13. Rxd6 Nbd7 14. Rad1 Rfe8 15. h3 Bxf3 16. Bxf3 Nb6 17. b3 Kf8 18. Ne4 Nxe4 19. Bxe4 Rac8 20. c5 Na8 21. Bf5 Rc7 22. Bd7 Rb8 23. Bxc6 Rxc6 24. Rd8+ Rxd8 25. Rxd8+ Ke7 26. Rxa8 Rxc5 27. Rxa7 Rb5 28. Kf1 f5 29. Ke1 g5 30. g4 f4 31. Ra8 Rc5 32. Rh8 Rc2 33. Rxh7+ Kd6 34. Rxb7 Rxa2 35. Rg7 e4 36. Rxg5 Ra1+ 37. Kd2 Ra2+ 38. Kd1 Ra1+ 39. Kc2 Ra2+ 40. Kc3 Rxe2 41. Kd4 e3 42. fxe3 Rxe3 43. h4 Rxb3 44. Ke4 Rh3 45. h5 f3 46. Ke3 Ke6 47. Kf2 Kf7 48. Rf5+ Kg7 49. Rxf3 Rh1 50. Kg3 Kh6 51. Rf6+ Kg7 52. Ra6 Rb1 53. Kh4 Rb4 54. h6+ Kh7 55. Kh5 Rb7 56. g5 Rc7 57. g6+ 1-0

[Event "AUT-chT 0203"]
[Site "Austria"]
[Date "2003.03.16"]
[Round "11.2"]
[White "Ganaus, Hannes"]
[Black "Amann, Guenter"]
[Result "0-1"]
[WhiteElo "2360"]
[BlackElo "2296"]
[PlyCount "140"]
[EventDate "2002.12.05"]
[EventType "team-tourn"]
[EventRounds "11"]
[EventCountry "AUT"]
[SourceTitle "EXT 2004"]
[Source "ChessBase"]
[SourceDate "2003.11.25"]
[SourceVersion "1"]
[SourceVersionDate "2003.11.25"]
[SourceQuality "1"]
[WhiteTeam "Melk-Wachau SK NOE"]
[BlackTeam "Hohenems"]
[WhiteTeamCountry "AUT"]
[BlackTeamCountry "AUT"]

1. d4 Nf6 2. Nf3 g6 3. e3 Bg7 4. b3 0-0 5. Bb2 c5 6. Be2 cxd4 7. exd4 d5 8. 0-0 Nc6 9. Re1 Bg4 10. Nbd2 Bxf3 11. Nxf3 Qb6 12. c3 Rfd8 13. Bf1 e6 14. Qe2 Ne4 15. Red1 Qa5 16. Qe3 Ne7 17. Qe1 Nd6 18. g4 Rac8 19. Rd3 b5 20. a4 bxa4 21. Rxa4 Qb6 22. Qa1 Nc6 23. c4 dxc4 24. bxc4 Rb8 25. Bc1 Ne4 26. Be3 Qc7 27. Qc1 Qd7 28. Qd1 Nb4 29. Rda3 e5 30. Nxe5 Bxe5 31. Qf3 Bxd4 32. Qxe4 Bxe3 33. fxe3 Nc6 34. Ra6 Rbc8 35. Rd3 Re8 36. Qxg6+ hxg6 37. Rxd7 Nb8 38. Raxa7 Nxd7 39. Rxd7 Rxe3 40. Kf2 Ra3 41. Rd2 Rca8 42. h4 Ra2 43. Rxa2 Rxa2+ 44. Be2 Ra3 45. Bf3 Rc3 46. Bd5 Rh3 47. c5 Kf8 48. c6 Ke7 49. h5 gxh5 50. gxh5 Rxh5 51. Bf3 Re5 52. Kg3 f5 53. Kf4 Kf6 54. Bg2 Rc5 55. Ke3 Ke5 56. Kd3 Ra5 57. Kc3 Kd6 58. Kd4 Re5 59. Bf3 Re1 60. Bg2 Rd1+ 61. Ke3 Ke5 62. Bf3 f4+ 63. Ke2 Ra1 64. Kd2 Kd6 65. Kd3 Re1 66. Kd2 Re3 67. Bg2 Rg3 68. Be4 Rg7 69. Kc3 f3 70. Kd2 f2 0-1

[Event "AUT-chT 0203"]
[Site "Austria"]
[Date "2003.03.15"]
[Round "10.5"]
[White "Amann, Guenter"]
[Black "Roth, Peter"]
[Result "1/2-1/2"]
[WhiteElo "2296"]
[BlackElo "2323"]
[PlyCount "71"]
[EventDate "2002.12.05"]
[EventType "team-tourn"]
[EventRounds "11"]
[EventCountry "AUT"]
[SourceTitle "EXT 2004"]
[Source "ChessBase"]
[SourceDate "2003.11.25"]
[SourceVersion "1"]
[SourceVersionDate "2003.11.25"]
[SourceQuality "1"]
[WhiteTeam "Hohenems"]
[BlackTeam "Hietzing/Fischer SK"]
[WhiteTeamCountry "AUT"]
[BlackTeamCountry "AUT"]

1. e4 e6 2. d3 b5 3. Nf3 h6 4. d4 a6 5. c4 bxc4 6. Bxc4 d5 7. exd5 exd5 8. Bb3 Bb4+ 9. Nc3 Ne7 10. 0-0 0-0 11. Ne5 Be6 12. Bf4 Nd7 13. Nd3 Ba5 14. Na4 Ng6 15. Bg3 Qf6 16. Ndc5 Nxc5 17. Nxc5 Bb6 18. Rc1 Nf4 19. Re1 Rfe8 20. Qd2 Ng6 21. h3 a5 22. Bxc7 Bxc7 23. Nxe6 Bd6 24. Nc7 Rxe1+ 25. Qxe1 Bxc7 26. Rxc7 Qxd4 27. Rd7 Nf4 28. Qe3 Qf6 29. g3 Nxh3+ 30. Kg2 Ng5 31. Bxd5 Rd8 32. Rxd8+ Qxd8 33. Qd3 Qd7 34. Qc4 Qh3+ 35. Kg1 Qf5 36. Qb3 1/2-1/2

[Event "AUT-chT 0102"]
[Site "Austria"]
[Date "2002.03.08"]
[Round "9.6"]
[White "Amann, Guenter"]
[Black "Winiwarter, Felix"]
[Result "1-0"]
[WhiteElo "2270"]
[BlackElo "2174"]
[PlyCount "67"]
[EventDate "2001.10.31"]
[EventType "team-tourn"]
[EventRounds "11"]
[EventCountry "AUT"]
[SourceTitle "EXT 2002"]
[Source "ChessBase"]
[SourceDate "2001.11.25"]
[SourceVersion "1"]
[SourceVersionDate "2001.11.25"]
[SourceQuality "1"]
[WhiteTeam "Hohenems"]
[BlackTeam "Linz SK Voest"]
[WhiteTeamCountry "AUT"]
[BlackTeamCountry "AUT"]

1. d4 Nf6 2. Nf3 g6 3. c4 Bg7 4. g3 0-0 5. Bg2 d6 6. Nc3 Nc6 7. 0-0 a6 8. h3 Rb8 9. Bg5 h6 10. Be3 b5 11. cxb5 axb5 12. Qc1 Kh7 13. Nxb5 Rxb5 14. Qxc6 Rxb2 15. Rfc1 Be6 16. a4 Qb8 17. a5 Qb3 18. Nd2 Qb5 19. Qxb5 Rxb5 20. Rxc7 Nd5 21. Bxd5 Bxd5 22. Rxe7 Ra8 23. a6 Kg8 24. Rd7 Rb6 25. Ra5 Be6 26. Rb7 Raxa6 27. Rxb6 Rxa5 28. Rxd6 Bxh3 29. d5 Be5 30. Rd8+ Kg7 31. Nc4 Ra1+ 32. Kh2 Bf6 33. Rd6 Bf1 34. Rxf6 1-0

[Event "Oberwart op"]
[Site "Oberwart"]
[Date "2001.??.??"]
[Round "1"]
[White "Lalic, Bogdan"]
[Black "Amann, Guenter"]
[Result "1-0"]
[WhiteElo "2531"]
[BlackElo "2267"]
[PlyCount "65"]
[EventDate "2001.??.??"]
[EventType "swiss"]
[EventRounds "9"]
[EventCountry "AUT"]
[SourceTitle "EXT 2002"]
[Source "ChessBase"]
[SourceDate "2001.11.25"]
[SourceVersion "1"]
[SourceVersionDate "2001.11.25"]
[SourceQuality "1"]

1. d4 d5 2. c4 c6 3. Nf3 Nf6 4. e3 e6 5. Nbd2 Nbd7 6. Bd3 Bd6 7. e4 dxe4 8. Nxe4 Nxe4 9. Bxe4 0-0 10. 0-0 h6 11. Bc2 e5 12. Re1 exd4 13. Qxd4 Bc5 14. Qc3 a5 15. a3 Nf6 16. Be3 Bxe3 17. Rxe3 Re8 18. Rd1 Bd7 19. Rxe8+ Qxe8 20. h3 Qc8 21. g4 Qc7 22. Qe5 Qxe5 23. Nxe5 Be6 24. f4 b5 25. Nxc6 Bxc4 26. Nxa5 g5 27. Nxc4 bxc4 28. fxg5 hxg5 29. Rf1 Nd7 30. Be4 Rc8 31. Bd5 c3 32. Bxf7+ Kg7 33. Be6 1-0

[Event "AUT-chT 9900"]
[Site "Austria"]
[Date "2000.01.15"]
[Round "7.6"]
[White "Weissenbeck, Manuel"]
[Black "Amann, Guenter"]
[Result "0-1"]
[WhiteElo "2221"]
[BlackElo "2246"]
[PlyCount "80"]
[EventDate "1999.10.22"]
[EventType "team-tourn"]
[EventRounds "11"]
[EventCountry "AUT"]
[SourceTitle "EXT 2000"]
[Source "ChessBase"]
[SourceDate "1999.11.16"]
[SourceVersion "1"]
[SourceVersionDate "1999.11.16"]
[SourceQuality "1"]
[WhiteTeam "Melk-Wachau SK NOE"]
[BlackTeam "Hohenems"]
[WhiteTeamCountry "AUT"]
[BlackTeamCountry "AUT"]

1. d4 Nf6 2. Nf3 g6 3. c4 Bg7 4. Nc3 0-0 5. e4 d6 6. Be2 e5 7. 0-0 Nc6 8. d5 Ne7 9. b4 Ne8 10. Nd2 f5 11. f3 f4 12. c5 g5 13. Nc4 Ng6 14. a4 Nf6 15. Ba3 Rf7 16. a5 h5 17. b5 dxc5 18. Bxc5 g4 19. d6 Bf8 20. Kh1 g3 21. Qb3 Ne8 22. Rfd1 cxd6 23. Bg1 Be6 24. Nd5 gxh2 25. Bf2 Qg5 26. a6 b6 27. Bf1 h4 28. Rd2 Rg7 29. Ncxb6 axb6 30. Bxb6 h3 31. Raa2 Nh4 32. Qd1 Bxd5 33. exd5 Nf5 34. Rdb2 Nf6 35. g4 fxg3 36. Bxh3 Nh5 37. Bxf5 Qxf5 38. Be3 g2+ 39. Rxg2 Ng3+ 40. Kxh2 Qh5+ 0-1

[Event "AUT-chT 9900"]
[Site "Austria"]
[Date "1999.10.24"]
[Round "3.6"]
[White "Amann, Guenter"]
[Black "Ivancsics, Michael"]
[Result "0-1"]
[WhiteElo "2246"]
[BlackElo "2269"]
[PlyCount "37"]
[EventDate "1999.10.22"]
[EventType "team-tourn"]
[EventRounds "11"]
[EventCountry "AUT"]
[SourceTitle "EXT 2000"]
[Source "ChessBase"]
[SourceDate "1999.11.16"]
[SourceVersion "1"]
[SourceVersionDate "1999.11.16"]
[SourceQuality "1"]
[WhiteTeam "Hohenems"]
[BlackTeam "Fuerstenfeld SK Gesundheitstreff Spk"]
[WhiteTeamCountry "AUT"]
[BlackTeamCountry "AUT"]

1. d4 g6 2. Nf3 Bg7 3. c4 d6 4. Nc3 Bg4 5. e4 Nc6 6. d5 Nd4 7. Be3 c5 8. dxc6 Bxf3 9. gxf3 Nxc6 10. Qd2 Nf6 11. Be2 0-0 12. f4 Rc8 13. Rc1 Qd7 14. Bf3 Ng4 15. b3 e5 16. Bc5 Rcd8 17. Rd1 exf4 18. Nb5 Nge5 19. Qxf4 0-1

[Event "AUT-chT 9900"]
[Site "Austria"]
[Date "1999.10.23"]
[Round "2.1"]
[White "Amann, Guenter"]
[Black "Peterwagner, Heinz"]
[Result "0-1"]
[WhiteElo "2246"]
[BlackElo "2215"]
[PlyCount "94"]
[EventDate "1999.10.22"]
[EventType "team-tourn"]
[EventRounds "11"]
[EventCountry "AUT"]
[SourceTitle "EXT 2000"]
[Source "ChessBase"]
[SourceDate "1999.11.16"]
[SourceVersion "1"]
[SourceVersionDate "1999.11.16"]
[SourceQuality "1"]
[WhiteTeam "Hohenems"]
[BlackTeam "Salzburg Mozart"]
[WhiteTeamCountry "AUT"]
[BlackTeamCountry "AUT"]

1. d4 Nf6 2. Nf3 g6 3. c4 Bg7 4. g3 0-0 5. Bg2 d6 6. Nc3 Nbd7 7. 0-0 c6 8. e4 e5 9. h3 Re8 10. Re1 exd4 11. Nxd4 Nc5 12. Bf4 Nh5 13. Be3 Nf6 14. Qc2 Qe7 15. Rad1 a5 16. Bf4 Nh5 17. Nxc6 bxc6 18. Bxd6 Qa7 19. g4 Nf6 20. e5 Nfd7 21. Bxc6 Bb7 22. Nb5 Qb6 23. Bxb7 Qxb7 24. Bxc5 Nxc5 25. Nd6 Qc7 26. Nxe8 Rxe8 27. f4 g5 28. fxg5 Bxe5 29. Kh1 Ne6 30. b3 Re7 31. Qf5 Bc3 32. Re3 Bd4 33. Red3 Rd7 34. h4 Qd8 35. a3 Qc7 36. Qe4 Qc5 37. a4 Rd8 38. Qf5 Qc6+ 39. Qf3 Qc7 40. Qe4 Nc5 41. Qf5 Nxd3 42. Rxd3 Qe7 43. Rg3 Qe1+ 44. Rg1 Qxh4+ 45. Kg2 Be5 46. Qxe5 Rd2+ 47. Kf3 Qh3+ 0-1

[Event "AUT-chT2W 9899"]
[Site "Austria"]
[Date "1999.03.13"]
[Round "8.2"]
[White "Sucher, Johannes"]
[Black "Amann, Guenter"]
[Result "1/2-1/2"]
[WhiteElo "2187"]
[BlackElo "2247"]
[PlyCount "105"]
[EventDate "1998.10.??"]
[EventType "team"]
[EventRounds "9"]
[EventCountry "AUT"]
[SourceTitle "EXT 2000"]
[Source "ChessBase"]
[SourceDate "1999.11.16"]
[SourceVersion "1"]
[SourceVersionDate "1999.11.16"]
[SourceQuality "1"]

1. d4 d5 2. Nc3 Nf6 3. Bg5 Nbd7 4. f3 c5 5. dxc5 Qa5 6. Bxf6 Nxf6 7. Qd4 e5 8. Qxe5+ Be6 9. e3 Bxc5 10. Bb5+ Kf8 11. a3 a6 12. Ba4 Qb6 13. 0-0-0 Bxe3+ 14. Kb1 d4 15. Ne4 Rd8 16. Qc5+ Qxc5 17. Nxc5 Bd5 18. Ne2 b6 19. Nd3 g6 20. Nb4 Kg7 21. c3 dxc3 22. Nxc3 Bb7 23. Bc6 Bxc6 24. Nxc6 Rc8 25. Nb4 a5 26. Nbd5 Nxd5 27. Rxd5 Rhd8 28. Rhd1 Rxd5 29. Rxd5 Rc5 30. Rxc5 Bxc5 31. Kc2 f5 32. Kd3 Kf6 33. Kc4 Ke5 34. b4 axb4 35. axb4 Bg1 36. Ne2 Bxh2 37. Kb5 Kd5 38. Kxb6 g5 39. b5 h5 40. Kb7 Be5 41. b6 g4 42. Kc8 gxf3 43. gxf3 h4 44. Ng1 Kc6 45. b7 Bc7 46. Nh3 Bd6 47. Ng5 Be5 48. Nh3 Bd6 49. Kd8 Kxb7 50. Kd7 Bg3 51. Ke6 Kc6 52. Kxf5 Kd6 53. Kg4 1/2-1/2

[Event "AUT-chT3 9899"]
[Site "Austria"]
[Date "1999.02.19"]
[Round "9"]
[White "Gaertner, Guntram"]
[Black "Amann, Guenter"]
[Result "1/2-1/2"]
[WhiteElo "2315"]
[BlackElo "2250"]
[PlyCount "27"]
[EventDate "1998.??.??"]
[EventType "team"]
[EventRounds "9"]
[EventCountry "AUT"]
[SourceTitle "EXT 2002"]
[Source "ChessBase"]
[SourceDate "2001.11.25"]
[SourceVersion "1"]
[SourceVersionDate "2001.11.25"]
[SourceQuality "1"]

1. e4 c6 2. c4 e5 3. Nf3 d6 4. Nc3 Nf6 5. Be2 Bg4 6. 0-0 Be7 7. d4 Nbd7 8. Be3 0-0 9. Ne1 Bxe2 10. Qxe2 Re8 11. d5 cxd5 12. cxd5 a6 13. Nd3 Rc8 14. Rac1 1/2-1/2

[Event "AUT-chT2W 9899"]
[Site "Austria"]
[Date "1998.11.28"]
[Round "3.3"]
[White "Amann, Guenter"]
[Black "Ferrari, Josef"]
[Result "1-0"]
[WhiteElo "2260"]
[BlackElo "2125"]
[PlyCount "78"]
[EventDate "1998.10.??"]
[EventType "team"]
[EventRounds "9"]
[EventCountry "AUT"]
[SourceTitle "EXT 2000"]
[Source "ChessBase"]
[SourceDate "1999.11.16"]
[SourceVersion "1"]
[SourceVersionDate "1999.11.16"]
[SourceQuality "1"]

1. d4 d5 2. c4 e6 3. Nf3 c5 4. cxd5 exd5 5. g3 Nc6 6. Bg2 Nf6 7. 0-0 Be7 8. Nc3 0-0 9. Bg5 cxd4 10. Nxd4 h6 11. Bf4 a6 12. Qa4 Qb6 13. Be3 Bc5 14. Nxc6 bxc6 15. Bxc5 Qxc5 16. Rac1 Qb6 17. Qc2 Bg4 18. e3 Rfe8 19. h3 Bd7 20. Na4 Qa5 21. Nc5 Be6 22. Nb3 Qa4 23. Nd4 Qa5 24. Nxc6 Qb6 25. Nd4 Rac8 26. Qb3 Qxb3 27. Nxb3 Rb8 28. Rfd1 Rb6 29. Rc7 Reb8 30. Ra7 Ne4 31. Bf1 Rc8 32. Bxa6 Rc2 33. Ra8+ Kh7 34. Bd3 Rxb2 35. f3 Bxh3 36. fxe4 Rg2+ 37. Kh1 Rf6 38. e5+ Rg6 39. Bxg6+ fxg6 1-0

[Event "AUT-chT3 9899"]
[Site "Austria"]
[Date "1998.11.20"]
[Round "5"]
[White "Schmidlechner, Alexander"]
[Black "Amann, Guenter"]
[Result "1-0"]
[WhiteElo "2175"]
[BlackElo "2250"]
[PlyCount "77"]
[EventDate "1998.??.??"]
[EventType "team"]
[EventRounds "9"]
[EventCountry "AUT"]
[SourceTitle "EXT 2002"]
[Source "ChessBase"]
[SourceDate "2001.11.25"]
[SourceVersion "1"]
[SourceVersionDate "2001.11.25"]
[SourceQuality "1"]

1. d4 Nf6 2. c4 g6 3. Nc3 Bg7 4. e4 d6 5. f4 0-0 6. Nf3 Na6 7. Be2 e5 8. fxe5 dxe5 9. d5 Nc5 10. Qc2 Nfxe4 11. Nxe4 Bf5 12. Bd3 Bxe4 13. Bxe4 f5 14. Bg5 Qd6 15. Nd2 fxe4 16. Ke2 c6 17. Nxe4 Qd7 18. Nxc5 Qg4+ 19. Ke1 Qxg5 20. Ne6 Qf5 21. Qe2 Rf7 22. Rf1 Qxf1+ 23. Qxf1 Rxf1+ 24. Kxf1 Bf6 25. Ke2 Kf7 26. Rf1 Ke7 27. Nc5 cxd5 28. cxd5 Rd8 29. Ne4 Bg7 30. d6+ Ke6 31. Nc5+ Kd5 32. Nxb7 Rd7 33. Rd1+ Kc6 34. Na5+ Kc5 35. Ke3 Bf8 36. Ke4 Bxd6 37. Rd5+ Kb4 38. Nc6+ Kc4 39. Nxe5+ 1-0